000 00666nam a2200241Ia 4500
003 OSt
005 20220918175430.0
006 a|||||r|||| 00| 0
007 ta
008 220917b |||||||| |||| 00| 0 eng d
024 _a17,165
037 _cTextual
040 _aARTS
_cARTS
_beng
041 _2eng
_aeng
082 _aQ111:4x1,1, M0-;1
100 _aDevasvamin
_953888
245 0 _aAvalayanagrphyaa sutra Bhasyam ed by K P Aithal Adya
260 _aAdyar
_bAdyar Lib and Research Centre
_c1980
300 _axxxix,329p.
_ccm.
650 _aRELIGION
942 _hQ111:4x1,1, M0-;1
_cTEXL
_2CC
999 _c157423
_d157423